LEADER 01370nam a2200277 a 4500 001 000000148190 003 CaOOAMICUS 005 20151215134650.0 008 151215s1958 be u000 u fre r 040 $aPUL$bita 041 1 $afre$hger 100 1 $aWelte, Bernhard,$d1908-1983.$0(OLS)http://pul/name/11877 240 10$aPhilosophische Glaube bei Karl Jaspers und die möglichkeit seiner deutung durch die Thomistische philosophie.$lFrancese.$0(OLS)http://pul/title/186989 245 13$aLa foi philosophique chez Jaspers et saint Thomas d'Aquin /$cBernard Welte ; traduit de l'allemand par Marc Zemb. 260 $aParis :$bDesclée de Brouwer,$c©1958. 300 $a282 p. ;$c22 cm. 490 1 $aTextes et études philosophiques 600 04$aThomas Aquinas,$cs.,$dc. 1225-1274$xFilosofia.$0(OLS)http://pul/subject/1465 600 14$aJaspers, Karl,$d1883-1969$xFilosofia.$0(OLS)http://pul/subject/22098 830 0$aTextes et études philosophiques.$0(OLS)http://pul/title/15746 850 $aPUL 852 $aPUL$W1$xDP1 Fondo Bordoni$y120$m3 C 84$j163036$qFondi$B172027$CPULBib$Z2$F172027 $HBor230 $81 941 1 $a1 996 $6245$aLa foi philosophique chez Jaspers et saint Thomas d'Aquin$9(OLS)http://pul/title/186988 996 $6260$aParis :$bDesclée de Brouwer$9(OLS)http://pul/publisher/49456 LEADER 01084nam a2200265 u 4500 001 000000047495 003 CaOOAMICUS 005 20070226114906.0 008 991028s1968 it u000 u ita u 035 $a10835275 040 $aMSA$bita$dPUL(R) 041 1 $aita$hfre 100 1 $aGurvitch, Georges,$d1894-1965.$0(OLS)http://pul/name/14563 240 10$aDialectique et sociologie.$lItaliano.$0(OLS)http://pul/title/63949 245 10$aDialettica e sociologia /$cGeorges Gurvitch ; introduzione di Giulio Marchesi. 260 $aRoma :$bCittà Nuova,$c1968. 300 $a295 p. ;$c20 cm 504 $aBibliografia in nota. 650 4$aSociologia$xTeorie$ySec. XX.$0(OLS)http://pul/subject/19138 700 1 $aMarchesi, Giulio.$0(OLS)http://pul/name/34515 850 $aPUL 852 $aPUL$W1$xDP1 Fondo Pastorale$y55$mP13 B 32$j63455$nBK-PRI$b $qFondi$B63455$CPULBib$Z2$F63455 $HPUL2362 $81 941 1 $a1 996 $6245$aDialettica e sociologia$9(OLS)http://pul/title/63950 996 $6260$aRoma :$bCittà Nuova$9(OLS)http://pul/publisher/47927